| 000 | 00353nam a2200133Ia 4500 | ||
|---|---|---|---|
| 008 | 220217s9999||||xx |||||||||||||| ||und|| | ||
| 020 | _a81-7029-159-3 | ||
| 082 | _a421.02 RAD | ||
| 100 |
_aRadcliffe, Robart, A _92212 |
||
| 245 | 0 | _aEncyclopedia C | |
| 260 |
_aBPB publications _bNew Delhi _c1996 |
||
| 300 | _b495 | ||
| 650 |
_aENCYCLOPEDEA _92213 |
||
| 999 |
_c168589 _d168589 |
||